| 000 | 01052nam a2200229 i 4500 | ||
|---|---|---|---|
| 001 | 11932 | ||
| 003 | ES-MaACL | ||
| 005 | 20240229195308.0 | ||
| 007 | t| | ||
| 008 | 970110m19741989sp ||||1| spa d | ||
| 020 | _a84-237-0460-2 | ||
| 080 | _a72(091) | ||
| 100 | 1 |
_aChueca Goitia, Fernando, _d1911-2004 _938688 |
|
| 245 | 1 | 0 |
_aHistoria de la arquitectura occidental / _cFernando Chueca Goitia. |
| 260 |
_aMadrid : _bDossat, _c1974-1989. |
||
| 300 |
_a12 v. : _bil. ; _c18 cm. |
||
| 504 | _aBibliografía. | ||
| 505 | 8 | _aContiene: 1. De Grecia al Islam -- 2. Prerrománico y románico en Europa -- 3. Gótico en Europa -- 4. Edad Media cristiana en España -- 5. Renacimiento -- 6. Barroco en Europa -- 7. Barroco en España -- 8. Barroco en Hispanoamérica, Portugal y Brasil -- 9. Neoclasicismo -- 10. Eclecticismo -- 11. El siglo XX: de la Revolución Industrial al racionalismo -- 12. El siglo XX: las fases finales y España. | |
| 650 | 4 |
_aArquitectura- _vHistoria _99995 |
|
| 852 |
_aES-MaACL _jP-412 |
||
| 999 |
_c11932 _d11932 |
||